Statistics for Top 20 Traditional Christmas Carols

Click here to take the quiz!

General Stats

  • This quiz has been taken 1,448 times
  • The average score is 12 of 20

Answer Stats

First Word(s)Title% Correct
SilentSilent Night
95%
JoyJoy to the World
93%
AwayAway in a Manger
91%
O ChristmasO Christmas Tree
86%
O ComeO Come All Ye Faithful
86%
The FirstThe First Nowell
83%
HarkHark the Herald Angels Sing
76%
AveAve Maria
74%
O LittleO Little Town of Bethlehem
74%
O H___O Holy Night
57%
The HollyThe Holly and the Ivy
57%
The LittleThe Little Drummer Boy
56%
WeWe Three Kings of Orient Are
55%
CarolCarol of the Bells
46%
GodGod Rest You Merry Gentlemen
46%
DingDing! Dong! Merrily on High
45%
GoodGood King Wenceslas
33%
WhileWhile Shepherds Watched
29%
OnceOnce In Royal David's City
28%
II Saw Three Ships
18%

Score Distribution

Percentile by Number Answered

Percent of People with Each Score

Your Score History

You have not taken this quiz